000 00420 a2200133 4500
001 91633
082 _aPR 1598
090 _c43788
_d43787
100 _aAdnan Dastgir; Prof Jamil and Ayub, Advisors
245 _aTo Develop a Client / Server database Application for R&D Project & MS Grading uisng Oracle & Visual Basic
_n52 "B" EC
260 _aRawalpindi
_bNUST
_c2000
300 _a60p
500 _aBE Project Reports
942 _aCAE NUST
_kPR 1598
999 _c326706
_d326706